000 00716nam a2200241 a 4500
008
020 _a0136384951 (pbk.)
049 _aMAIN
090 _aQC673
100 1 _aWilson, J.
245 1 0 _aOptoelectronics, an introduction /
_cJ. Wilson, J.F.B. Hawkes.
250 _a2nd ed.
260 _aNew York :
_bPrentice-Hall,
_c1989.
300 _axiv, 470 p. :
_bill. ;
_c25 cm.
440 0 _aPrentice-Hall international series in optoelectronics.
504 _aIncludes bibliographical references.
650 0 _aOptoelectronics.
907 _a.b10034560
_b22-05-04
_c17-04-03
003
005 20230123133525.0
040 _cNUST
942 _cBOOKS
_kQC673
999 _c150074
_d150074